El periquillo Sarmiento

Guardat en:
Dades bibliogràfiques
Autor principal: Fernández de Lizardi, José Joaquín
Format: Llibre
Idioma:Undetermined
Publicat: Managua, Nicaragua Nueva Nicaragua 1987
Matèries:
Etiquetes: Afegir etiqueta
Sense etiquetes, Sigues el primer a etiquetar aquest registre!

MARC

LEADER 00000nam a2200000Ia 4500
008 170316s9999 xx 000 0 und d
040 |a cru BVZT 
090 |a 860 F-1p 
100 |a Fernández de Lizardi, José Joaquín 
245 |a El periquillo Sarmiento 
260 |a Managua, Nicaragua 
260 |b Nueva Nicaragua 
260 |c 1987 
300 |a 610 páginas 
650 |a LITERATURA LATINOAMERICANA 
999 |c 8660  |d 8660 
942 |c 15 D  |h 860 F-1p  |2 z